00642nam a2200193Ia 450000500170000000800410001701000140005804000190007204100120009108200130010324501530011626000410026930000170031050400410032765000230036865100260039170000210041785000100043820230613123110.0131103s9999 xx 000 0 und d a195606779 aLoreto College aEnglish a809bENR aEnglish Critical textsb 16th century to 20th century cedited with notes and an appendix of Classical extracts by D.J.Enright and Ernst De Chickera aDelhibOxford University Pressc1975 axvii,398 p.  aIncludes bibliographical references  aEnglish Literature aHistory and Criticism aEnright,D.J.,ed. aLCLIB